000 00932cam a2200301 a 4500
001 4481678
003 ARRUPE
005 20160812091013.0
008 700924s1970 enkfhj b 001 0 eng d
010 _a70120932
020 _a0631124403 :
035 _a(OCoLC)93112
035 _a(OCoLC)ocm00093112
035 _a(NNC)4481678
040 _aDLC
_cDLC
_dNNUT
050 0 _aCB353
_b.S65
090 _aCB353
_b.S65
100 1 _aSouthern, R. W.
_q(Richard William),
_d1912-2001.
_924897
245 1 0 _aMedieval humanism and other studies /
_cby R. W. Southern.
260 _aOxford :
_bB. Blackwell,
_c1970
_g(1984 printing).
300 _ax, 261 p., [10] p. of plates :
_bfacsims., geneal. tables ;
_c22 cm.
504 _aIncludes bibliographical references and index.
650 0 _aMiddle Ages.
_918802
650 0 _aCivilization medieval
_95047
650 0 _aHumanism
_924898
942 _2lcc
_cMONOGRAPH
999 _c124949
_d124949